| 000 | 00403nam a2200145Ia 4500 | ||
|---|---|---|---|
| 008 | 210210b1974 xxu||||| |||| 00| 0 eng d | ||
| 082 | _a001.642 RAOI | ||
| 100 | _aRAO (K Srinivasa). | ||
| 245 | _aIntroduction to computers and programming. | ||
| 260 |
_aMadras _bS Viswanathan Pvt. Ltd. _c1974 |
||
| 300 | _a327 | ||
| 650 | _aComputers: introduction | ||
| 690 | _aComputer Science | ||
| 906 | _aSG01248 | ||
| 999 |
_c112615 _d112615 |
||